Breaker Boys : (Record no. 4958)
[ view plain ]
| 000 -LEADER | |
|---|---|
| fixed length control field | 00901nam a22002537a 4500 |
| 001 - CONTROL NUMBER | |
| control field | 4958 |
| 003 - CONTROL NUMBER IDENTIFIER | |
| control field | FISKH |
| 005 - DATE AND TIME OF LATEST TRANSACTION | |
| control field | 20241028145839.0 |
| 008 - FIXED-LENGTH DATA ELEMENTS--GENERAL INFORMATION | |
| fixed length control field | 241028b cb ||||| |||| 00| 0 eng d |
| 020 ## - INTERNATIONAL STANDARD BOOK NUMBER | |
| International Standard Book Number | 9780756546816 |
| 040 ## - CATALOGING SOURCE | |
| Original cataloging agency | FISKH |
| Language of cataloging | eng |
| Transcribing agency | FISKH |
| Modifying agency | FISKH |
| 050 ## - LIBRARY OF CONGRESS CALL NUMBER | |
| Classification number | HD6250.U3 |
| 082 ## - DEWEY DECIMAL CLASSIFICATION NUMBER | |
| Classification number | 331.3 |
| 100 ## - MAIN ENTRY--PERSONAL NAME | |
| Personal name | Burgan, Michael |
| 245 ## - TITLE STATEMENT | |
| Title | Breaker Boys : |
| Remainder of title | How a Photograph Helped End Child Labor / |
| Statement of responsibility, etc. | by Michael Burgan |
| 260 ## - PUBLICATION, DISTRIBUTION, ETC. | |
| Place of publication, distribution, etc. | North Mankato : |
| Name of publisher, distributor, etc. | Compass Point Books ; |
| Date of publication, distribution, etc. | 2012 . |
| 300 ## - PHYSICAL DESCRIPTION | |
| Extent | 64 pages : |
| Other physical details | color illustrations ; |
| Dimensions | 27 cm . |
| 490 ## - SERIES STATEMENT | |
| Series statement | Captured History |
| 520 ## - SUMMARY, ETC. | |
| Summary, etc. | Recounts photographer Lewis Hines' fight against child labor in the early 1900s and discusses how his work and the work of others revealed truths about the issue to the public. |
| 650 ## - SUBJECT ADDED ENTRY--TOPICAL TERM | |
| Topical term or geographic name entry element | child labor |
| Form subdivision | non-fiction |
| 700 ## - ADDED ENTRY--PERSONAL NAME | |
| Personal name | Neitge, Catherine |
| Relator term | editor |
| 942 ## - ADDED ENTRY ELEMENTS (KOHA) | |
| Source of classification or shelving scheme | Dewey Decimal Classification |
| Koha item type | Books |
| Suppress in OPAC | No |
| Withdrawn status | Lost status | Source of classification or shelving scheme | Damaged status | Not for loan | Collection | Home library | Current library | Shelving location | Date acquired | Total Checkouts | Full call number | Barcode | Date last seen | Price effective from | Koha item type |
|---|---|---|---|---|---|---|---|---|---|---|---|---|---|---|---|
| Dewey Decimal Classification | Non-Fiction | Footprints International School Library Network Toul Kork Campus | Footprints International School Library Network Toul Kork Campus | TTP Secondary Non-Fiction Bookshelves | 10/28/2024 | BUR 331.3 HD6250.U3 | FISSE00828 | 10/28/2024 | 10/28/2024 | Books |
